Minecraft Items - C (26.1) - Statistics

General Stats
  • This quiz has been taken 15 times
  • The average score is 77 of 157
Answer Stats
Items % Correct
Copper Axe
100%
Copper Helmet
100%
Copper Hoe
100%
Copper Ingot
100%
Copper Nugget
100%
Copper Pickaxe
100%
Copper Shovel
100%
Copper Sword
100%
Chain
86%
Cooked Chicken
86%
Cooked Cod
86%
Cooked Mutton
86%
Cooked Porkchop
86%
Cooked Salmon
86%
Copper Boots
86%
Copper Chest
86%
Copper Chestplate
86%
Copper Leggings
86%
Chainmail Boots
71%
Chainmail Chestplate
71%
Chainmail Helmet
71%
Chainmail Leggings
71%
Charcoal
71%
Cherry Boat
71%
Cherry Button
71%
Cherry Leaves
71%
Cherry Log
71%
Cherry Planks
71%
Cherry Pressure Plate
71%
Cherry Sign
71%
Cherry Slab
71%
Cherry Wood
71%
Chiseled Red Sandstone
71%
Chiseled Sandstone
71%
Chiseled Stone Bricks
71%
Coal
71%
Coal Ore
71%
Copper Chain
71%
Copper Ore
71%
Crafting Table
71%
Crimson Button
71%
Crimson Door
71%
Crimson Planks
71%
Crimson Pressure Plate
71%
Crimson Sign
71%
Crimson Stem
71%
Crimson Trapdoor
71%
Cyan Carpet
71%
Cyan Concrete
71%
Cyan Concrete Powder
71%
Cyan Dye
71%
Cyan Stained Glass
71%
Cyan Stained Glass Pane
71%
Cyan Wool
71%
Cake
57%
Carrot
57%
Cherry Boat with Chest
57%
Cherry Door
57%
Cherry Fence
57%
Cherry Fence Gate
57%
Cherry Hanging Sign
57%
Cherry Sapling
57%
Cherry Stairs
57%
Cherry Trapdoor
57%
Chest
57%
Chiseled Deepslate
57%
Cobblestone
57%
Cooked Rabbit
57%
Copper Door
57%
Crimson Fence
57%
Crimson Fence Gate
57%
Crimson Fungus
57%
Crimson Hanging Sign
57%
Crimson Slab
57%
Crimson Stairs
57%
Cut Copper
57%
Cut Copper Slab
57%
Cut Copper Stairs
57%
Cyan Bed
57%
Cyan Glazed Terracotta
57%
Cyan Shulker Box
57%
Cyan Terracotta
57%
Calcite
43%
Candle
43%
Cauldron
43%
Cherry Shelf
43%
Chiseled Copper
43%
Chiseled Quartz Block
43%
Chorus Fruit
43%
Cobblestone Slab
43%
Cobblestone Stairs
43%
Cobblestone Wall
43%
Cookie
43%
Copper Bars
43%
Copper Bulb
43%
Copper Horse Armor
43%
Copper Trapdoor
43%
Cracked Stone Bricks
43%
Crafter
43%
Creeper Head
43%
Crimson Shelf
43%
Cyan Bundle
43%
Cyan Candle
43%
Cartography Table
29%
Chiseled Nether Bricks
29%
Chiseled Polished Blackstone
29%
Chiseled Tuff
29%
Chiseled Tuff Bricks
29%
Chorus Flower
29%
Clay
29%
Clay Ball
29%
Cocoa Beans
29%
Composter
29%
Copper Golem Statue
29%
Copper Grate
29%
Copper Lantern
29%
Copper Nautilus Armor
29%
Copper Spear
29%
Cracked Deepslate Bricks
29%
Cracked Deepslate Tiles
29%
Cracked Nether Bricks
29%
Creaking Heart
29%
Crimson Hyphae
29%
Crimson Roots
29%
Cyan Banner
29%
Cyan Harness
29%
Cactus
14%
Cactus Flower
14%
Campfire
14%
Carrot on a Stick
14%
Carved Pumpkin
14%
Chiseled Bookshelf
14%
Chiseled Resin Bricks
14%
Clock
14%
Closed Eyeblossom
14%
Coast Armor Trim
14%
Cobbled Deepslate
14%
Cobweb
14%
Compass
14%
Copper Torch
14%
Cornflower
14%
Cracked Polished Blackstone Bricks
14%
Creeper Charge Banner Pattern
14%
Crimson Nylium
14%
Crying Obsidian
14%
Cut Red Sandstone
14%
Cut Red Sandstone Slab
14%
Cut Sandstone
14%
Cut Sandstone Slab
14%
Calibrated Sculk Sensor
0%
Chipped Anvil
0%
Coarse Dirt
0%
Cobbled Deepslate Slab
0%
Cobbled Deepslate Stairs
0%
Cobbled Deepslate Wall
0%
Conduit
0%
Crossbow
0%
No matching quizzes found
Score Distribution
Percent of People with Each Score
Percentile by Number Answered
Your Score History
You have not taken this quiz